Κατάλογος Βιβλιοθηκών Mediterranean College

Διαχείριση Τεχνολογίας και Venture Capital (Record no. 3828)

MARC details
000 -LEADER
fixed length control field 01351cam a22002054a 4500
005 - ΗΜΕΡΟΜΗΝΙΑ ΚΑΙ ΩΡΑ ΤΕΛΕΥΤΑΙΑΣ ΕΝΗΜΕΡΩΣΗΣ
Πεδίο ελέγχου 20250605164126.0
008 - FIXED-LENGTH DATA ELEMENTS--GENERAL INFORMATION
Πεδίο ελέγχου σταθερού μήκους 250528s ||||||||||||||||||||||||d
035 ## - SYSTEM CONTROL NUMBER
System control number 18467
020 ## - ISBN
ISBN 9600214743
040 ## - ΠΗΓΗ ΚΑΤΑΛΟΓΟΓΡΑΦΗΣΗΣ
Φορέας πρωτότυπης καταλογογράφησης MC Athens Campus Library
Γλώσσα καταλογογράφησης Ελληνικά, Μοντέρνα (1453-)
Modifying agency MC Athens Campus Library
Κανόνες περιγραφικής καταλογογράφησης AACR2
245 1# - ΤΙΤΛΟΣ ΚΑΙ ΔΗΛΩΣΗ ΥΠΕΥΘΥΝΟΤΗΤΑΣ
Τίτλος Διαχείριση Τεχνολογίας και Venture Capital
260 ## - PUBLICATION, DISTRIBUTION, ETC.
Name of publisher, distributor, etc. Παπαζήση,
Date of publication, distribution, etc. 2001
300 ## - PHYSICAL DESCRIPTION
Extent 314
520 ## - SUMMARY, ETC.
Summary, etc. Πρόλογος, Διαχείριση Τεχνολογίας και Έννοια και Διαστάσεις και Οργανωτικές Μορφές, Έννοια και Διαστάσεις της Διαχείρισης Τεχνολογίας, Βασικές Μορφές Οργάνωσης ως Παράμετροι Προσδιορισμού της Τεχνολογικής Διαχείρισης, Χρηματοδότηση της Καινοτομίας, Επιχειρηματικό Κεφάλαιο Υψηλού Κινδύνου, Προϋποθέσεις και Μορφές Λειτουργίας του ΕΚΥΚ, Η Περίπτωση της Ελλάδας, Γενικά Χαρακτηριστικά της Ελληνικής Πραγματικότητας, Βιβλιογραφία.
700 1# - ΠΡΟΣΘΕΤΗ ΑΝΑΓΡΑΦΗ--ΦΥΣΙΚΟ ΠΡΟΣΩΠΟ
Personal name Ξανθάκης Μανώλης
700 1# - ΠΡΟΣΘΕΤΗ ΑΝΑΓΡΑΦΗ--ΦΥΣΙΚΟ ΠΡΟΣΩΠΟ
Personal name Τσίπουρα Έλενα
9 (RLIN) 4726
942 ## - ADDED ENTRY ELEMENTS (KOHA)
Koha item type Books
Holdings
Τύπος τεκμηρίου Βιβλιοθήκη Τρέχουσα τοποθεσία Barcode Αριθμός εισαγωγής Ημερομηνία απόκτησης Ταξιθετικό σύμβολο Αριθμός αντιτύπου Κατάσταση απόσυρσης Κατάσταση χαμένου Κατάσταση κατεστραμμένου Μη δανεισμός Σύνολο δανεισμών Ημερομηνία τελευταίας εμφάνισης Η τιμή ισχύει από
Books MC Athens Campus Library MC Athens Campus Library 9780000038272 3159 05/06/2025 658.514 KSA 1           05/06/2025 05/06/2025

MC Athens Campus Library
Πατησίων 94 & Κοδριγκτώνος 13, 104 34
Πελλήνης 8 & Πατησίων 107, 112 51
Τ: +30 210 8899600

MC Thessaloniki Campus Library
Ίωνος Δραγούμη 21, 54625 | Ίωνος Δραγούμη 15, 54625
Τ: +30 2310 287779 – Τ: +30 2314 440300